Moderná kryptoanalýza klasických šifier : dát. obhaj. 26.4.2017, č. ved. odb. 9-2-9

Enregistré dans:
Détails bibliographiques
Auteur principal: Antal, Eugen (Auteur)
Autres auteurs: Grošek, Otokar (Directeur de thèse)
Format: Manuscrit Livre
Langue:slovaque
Publié: Bratislava : STU v Bratislave FEI, 2017
Sujets:
Accès en ligne:http://is.stuba.sk/zp/portal_zp.pl?podrobnosti=130771
Tags: Ajouter un tag
Pas de tags, Soyez le premier à ajouter un tag!

MARC

LEADER 00000ntm a22000003a 4500
001 stuzp29373
003 SK-STU
005 20230411101739.7
007 ta
008 150427s2015----xo-----f-mn---000-0-slo-d
040 |a STU  |b slo 
041 0 |a slo 
100 1 |a Antal, Eugen  |u 035000  |k Z8  |4 aut  |U FEI Fakulta elektrotechniky a informatiky  |T FEI Ústav informatiky a matematiky  |X 36087  |U E050  |Y 816  |7 A000036087 
242 0 1 |a Modern cryptanalysis of classical ciphers  |y eng 
245 1 0 |a Moderná kryptoanalýza klasických šifier :  |b dát. obhaj. 26.4.2017, č. ved. odb. 9-2-9 
260 |a Bratislava : 
260 |b STU v Bratislave FEI, 
260 |c 2017 
300 |a 133 s.,  |b Autoref. 2017, 14 s. 
650 4 |a klasické šifry  |2 slo 
650 4 |a meta-heuristiky  |2 slo 
650 4 |a kryptoanalýza  |2 slo 
650 4 |a meta-heuristics  |2 eng 
650 4 |a classical ciphers  |2 eng 
650 4 |a cryptanalysis  |2 eng 
700 1 |a Grošek, Otokar  |u 035000  |k Z1  |4 ths  |U FEI Fakulta elektrotechniky a informatiky  |T FEI Ústav informatiky a matematiky  |X 1973  |U E050  |Y 816  |7 A000001973 
856 4 |u http://is.stuba.sk/zp/portal_zp.pl?podrobnosti=130771 
996 |b 284ED01582  |c E*ZP-441  |l EE01  |s A  |a 24  |w stuzp29373_0001